| Tag |
First Indicator |
Second Indicator |
Subfields |
| LEADER |
00000cgm a2200000 a 4500 |
| 001 |
in00005537372 |
| 006 |
m o c |
| 007 |
cr |n||||||||a |
| 007 |
vz |za|z| |
| 008 |
141209s2010 cau076 e o vueng d |
| 005 |
20241201225700.9 |
| 035 |
|
|
|a (OCoLC)ocn904563802
|
| 040 |
|
|
|a ALSTP
|b eng
|e pn
|c ALSTP
|d OCLCO
|d OCLCF
|d OCLCQ
|d OCLCO
|d OCLCQ
|d CUS
|d OCLCQ
|d OCLCA
|d INT
|d OCLCQ
|d WYU
|d UPM
|d OCLCO
|d OCLCQ
|d OCLCL
|d OCLCQ
|
| 035 |
|
|
|a (OCoLC)904563802
|
| 082 |
0 |
4 |
|a 613.2622
|q OCoLC
|2 23/eng/20230203
|
| 049 |
|
|
|a TXAM
|
| 245 |
0 |
0 |
|a Vegucated /
|c written and directed by Marisa Miller Wolfson ; producers, Frank Mataska, Demetrius Bagley.
|
| 260 |
|
|
|a Mill Valley, CA :
|b Green Planet Films,
|c [2010]
|
| 300 |
|
|
|a 1 online resource (76 min.).
|
| 306 |
|
|
|a 011557
|
| 336 |
|
|
|a two-dimensional moving image
|b tdi
|2 rdacontent
|
| 337 |
|
|
|a computer
|b c
|2 rdamedia
|
| 338 |
|
|
|a online resource
|b cr
|2 rdacarrier
|
| 344 |
|
|
|a digital
|2 rda
|
| 347 |
|
|
|a data file
|2 rda
|
| 380 |
|
|
|a Videorecording
|
| 490 |
0 |
|
|a Environmental studies in video
|
| 500 |
|
|
|a Title from resource description page (viewed December 09, 2014).
|
| 520 |
|
|
|a Part sociological experiment and part adventure comedy, Vegucated follows three meat- and cheese-loving New Yorkers who agree to adopt a vegan diet for six weeks. Lured by tales of weight lost and health regained, they begin to uncover the hidden sides of animal agriculture that make them wonder whether solutions offered in films like Food, Inc. go far enough. This entertaining documentary showcases the rapid and at times comedic evolution of three people who discover they can change the world one bite at a time.
|
| 546 |
|
|
|a In English.
|
| 586 |
|
|
|a Won 2011 Toronto Independent Film Festival, Best Documentary
|
| 586 |
|
|
|a Won 2011 Columbus International Film & Video Festival Chris Award, Best Educational Film
|
| 586 |
|
|
|a Won 2012 Cinema Verde Environmental Film and Arts Festival, Best Food Issue
|
| 650 |
|
0 |
|a Veganism.
|
| 650 |
|
0 |
|a Food industry and trade.
|
| 650 |
|
7 |
|a Food industry and trade.
|2 fast
|0 (OCoLC)fst00930843
|
| 650 |
|
7 |
|a Veganism.
|2 fast
|0 (OCoLC)fst01164728
|
| 655 |
|
4 |
|a Online media.
|
| 655 |
|
7 |
|a Documentary films.
|2 fast
|0 (OCoLC)fst01710390
|
| 655 |
|
7 |
|a Documentary films.
|2 lcgft
|
| 655 |
|
7 |
|a Documentaires.
|2 rvmgf
|
| 700 |
1 |
|
|a Wolfson, Marisa Miller,
|e film director.
|4 drt
|
| 700 |
1 |
|
|a Mataska, Frank,
|e film producer.
|4 pro
|
| 700 |
1 |
|
|a Bagley, Demetrius J.,
|e film producer.
|4 pro
|
| 710 |
2 |
|
|a Green Planet Films.
|
| 758 |
|
|
|i has work:
|a Vegucated (MovingImage)
|1 https://id.oclc.org/worldcat/entity/E39PCH6hfjDPJyXgftQtrgFdwC
|4 https://id.oclc.org/worldcat/ontology/hasWork
|
| 856 |
4 |
0 |
|u http://proxy.library.tamu.edu/login?url=https://www.aspresolver.com/aspresolver.asp?AVN2;2452039
|z Connect to this streaming video (Alexander Street Press)
|t 0
|
| 955 |
|
|
|a Alexander Street Press subscription streaming video
|
| 994 |
|
|
|a 92
|b TXA
|
| 999 |
f |
f |
|s a34b59fd-8541-46c9-9afb-729bf251ccc2
|i c74d25cd-6c6f-495d-91e4-3383de47cb4c
|t 0
|
| 952 |
f |
f |
|a Texas A&M University
|b College Station
|c Electronic Resources
|d Available Online
|t 0
|h Library of Congress classification
|
| 998 |
f |
f |
|t 0
|l Available Online
|